LEADER 01149nam a2200241 i 4500 001 000000218420 003 CaOOAMICUS 005 20130201000000.0 008 130201s2002 it u000 u ita u 013 $a197317 040 $aSeMil$bita 245 10$aAtti degli apostoli /$cnuovissima versione dai testi originali e introduzione di Carlo Maria Martini. 250 $a[2. ed.]. 260 $aCinisello Balsamo :$bSan Paolo,$c2002. 300 $a318 p. :$bill. ;$c10 cm. 500 $aTitolo della custodia : Lo Spirito Santo ti guiderą!. - Miniature tratte dal Codice Acta Sanctorum pictis imaginibus adornata (Vat. Lat. 8541). - In custodia. 650 4$aBibbia - NT - Atti degli Apostoli.$0(OLS)http://semarc/subject/2882 700 1 $aMartini, Carlo Maria,$c.$0(OLS)http://semarc/name/89159 850 $aSeMil 852 $aSeMil$W1$xVenegono$y1$m2F II 581$j168830$B168830$CSeMilBibl$Z2$F179704 $8B 961 $aAcquisto: IBS - Internet Bookshop Italia 996 $6245$aAtti degli apostoli$9(OLS)http://semarc/title/41332 996 $6260$aCinisello Balsamo :$bSan Paolo$9(OLS)http://semarc/publisher/30129